Southville International School and Colleges
Your cart is empty.
  • Cart
  • Lists
    Public lists Eva Luna New books Lux_list list_1
    Your lists Log in to create your own lists
  • Log in to your account
  • Your cookies
  • Search history
Southville International School and Colleges
  • Advanced search
  • Recent comments
  • Most popular
  • Libraries

Log in to your account

Log in with GOOGLE


If you do not have an external account, but do have a local account, you can still log in:

  1. Home
  2. MARC view: Personal financial literacy :
Normal view MARC view ISBD view

Personal financial literacy : (Record no. 282507)

[ view plain ]
MARC details
000 -LEADER
fixed length control field 01169cam a22003254a 4500
001 - CONTROL NUMBER
control field 15598340
005 - DATE AND TIME OF LATEST TRANSACTION
control field 20150202114451.0
008 - FIXED-LENGTH DATA ELEMENTS--GENERAL INFORMATION
fixed length control field 090126s2010 maua b 001 0 eng
010 ## - LIBRARY OF CONGRESS CONTROL NUMBER
LC control number 2009003031
Canceled/invalid LC control number 2009003032
020 ## - INTERNATIONAL STANDARD BOOK NUMBER
International Standard Book Number 9780136087564
020 ## - INTERNATIONAL STANDARD BOOK NUMBER
International Standard Book Number 0136087566
040 ## - CATALOGING SOURCE
Original cataloging agency DLC
Transcribing agency DLC
Modifying agency DLC
043 ## - GEOGRAPHIC AREA CODE
Geographic area code n-us---
050 00 - LIBRARY OF CONGRESS CALL NUMBER
Classification number HG 179
Item number .M2522 2010
082 00 - DEWEY DECIMAL CLASSIFICATION NUMBER
Classification number 332.02400973
100 1# - MAIN ENTRY--PERSONAL NAME
Personal name Madura, Jeff.
245 10 - TITLE STATEMENT
Title Personal financial literacy :
Statement of responsibility, etc Jeff Madura, K. Michael Casey, Sherry J. Roberts.
Remainder of title student workbook /
260 ## - PUBLICATION, DISTRIBUTION, ETC. (IMPRINT)
Place of publication, distribution, etc Boston :
Name of publisher, distributor, etc Pearson Addison-Wesley,
Date of publication, distribution, etc c2010.
300 ## - PHYSICAL DESCRIPTION
Extent xxx, 173 pages :
Other physical details colored illustrations ;
Dimensions 28 cm.
500 ## - GENERAL NOTE
General note Also issued as multi-volume publication.
500 ## - GENERAL NOTE
General note Includes index.
504 ## - BIBLIOGRAPHY, ETC. NOTE
Bibliography, etc Includes bibliographical references and index.
521 ## - TARGET AUDIENCE NOTE
Target audience note Business Administration
650 #0 - SUBJECT ADDED ENTRY--TOPICAL TERM
Topical term or geographic name as entry element Finance, Personal
Geographic subdivision United States.
700 1# - ADDED ENTRY--PERSONAL NAME
Personal name Casey, K. Michael.
700 1# - ADDED ENTRY--PERSONAL NAME
Personal name Roberts, Sherry J.
906 ## - LOCAL DATA ELEMENT F, LDF (RLIN)
a 7
b cbc
c orignew
d 1
e ecip
f 20
g y-gencatlg
942 ## - ADDED ENTRY ELEMENTS (KOHA)
Source of classification or shelving scheme Library of Congress Classification
Koha item type Books
Call number prefix Foreign
Holdings
Withdrawn status Lost status Source of classification or shelving scheme Damaged status Home library Current library Shelving location Date acquired Source of acquisition Total Checkouts Total Renewals Full call number Barcode Date last seen Date checked out Price effective from Koha item type
    Library of Congress Classification   College Library College Library General Circulation Section 02/02/2015 Library Fund 5 78 HG 179 .M2522w 2010 C19088 12/11/2018 11/09/2018 02/02/2015 Books

Personal financial literacy :

APA

Madura J., Casey K. M. & Roberts S. J. (2010). Personal financial literacy. Boston: Pearson Addison-Wesley.

Chicago

Madura Jeff, Casey K Michael and Roberts Sherry J. 2010. Personal financial literacy. Boston: Pearson Addison-Wesley.

Harvard

Madura J., Casey K. M. and Roberts S. J. (2010). Personal financial literacy. Boston: Pearson Addison-Wesley.

MLA

Madura Jeff, Casey K Michael and Roberts Sherry J. Personal financial literacy. Boston: Pearson Addison-Wesley. 2010.

  • Place hold
  • Print
  • Cite
  • Add to your cart (remove)
  • Save record
    BIBTEX Dublin Core MARCXML MARC (non-Unicode/MARC-8) MARC (Unicode/UTF-8) MARC (Unicode/UTF-8, Standard) MODS (XML) RIS
  • More searches
    Search for this title in:
    Other Libraries (WorldCat) Other Databases (Google Scholar) Online Stores (Bookfinder.com) Open Library (openlibrary.org)

Exporting to Dublin Core...

SOUTHVILLE LIBRARY

Southville International School and Colleges Library

1281 Tropical Ave. Cor. Luxembourg St., BF Homes International, Las Pinas City

Tel. No. 8256374 / 252358 Loc. 117/146

Powered by Koha